000
00361nam a2200169Ia 4500
100
_a
Wilton/Andy/ Charity/Tim
650
_a
Wireless
942
_c
BK
366
_f
20
654
_a
wireless
245
_a
Deploying wireless network
260
_b
Cambridge
_c
2008
082
_a
384.5
_b
WIL
300
_a
360
546
_a
ENGLISH
_c
PAMPHALETS
999
_c
32922
_d
32922